Представление документа в формате RUSMARC

ПолеНазваниеЗначение
  Тип записи a
  Библиографический уровень m
001 Контрольный номер RU/СЮИ МВД России/KNIGI/65.206я73/Л72-237147
005 Дата корректировки 20140508173803.6
010 Индекс ISBN __
a ISBN 978-5-7695-7493-1
100 Данные общей обработки __
a Данные общей обработки 20120301d2010 |||y0rusy0189
101 Язык документа 0_
a Язык текста rus
102 Страна публикации __
a Страна публикации RU
105 Кодированные данные (монография) __
a Кодированные данные (монография) y j 000yy
200 Заглавие и сведения об ответственности 1_
a Заглавие Сервисная деятельность
e Сведения, относящиеся к заглавию учебное пособие: рек. УМО по образованию в области сервиса и туризма в качестве учебного пособия для студентов вузов, обучающихся по специальностям и направлениям укрупненной группы направлений "Сфера обслуживания"
f Первые сведения об ответственности О. Т. Лойко
205 Сведения об издании __
a Основные сведения об издании 2-е изд., стер.
210 Выходные данные __
a Место издания М.
c Издательство Академия
d Дата издания 2010
215 Физическое описание __
a Объем 304 с.
225 Серия 2_
a Серия Высшее профессиональное образование
320 Библиография __
a Библиография Библиогр.: с. 300-301
606 Тематические рубрики __
a Основная рубрика Сектор услуг
620 Место и дата публикации, исполнения и т.д. __
d Город Москва
686 Индексы других классификаций __
a Классификационный индекс 65.206я73
2 Код системы rubbk
686 Индексы других классификаций __
a Классификационный индекс 06.71.51
2 Код системы rugasnti
700 Автор _1
a Фамилия Лойко
b Имя О. Т.
4 Код отношения 070
801 Источник записи _0
b Организация СЮИ МВД России
a Страна RU
c Дата составления 20120301
801 Источник записи _1
a Страна RU
b Организация ПКИ
c Дата составления 20120301
852 Данные о местонахождении __
a Наименование организации СЮИ МВД России
b Сигла хранения ЧЗ_Поволжский филиал
i Авторский знак Л72
p Инвентарный номер 140389
j Шифр хранения 65.206я73
901 Тип документа __
t Тип документа m
938 Служебная информация __
a Название организации Поволжский филиал
b Имя БД Книги_Ирбис
c Название АИБС АБИС ИРБИС